[Event "Tashkent Sahibkiran Temur Cup"]
[Site "Tashkent"]
[Date "2023.04.15"]
[Round "2"]
[White "Galperin, Platon"]
[Black "Abdurakhmanov, Mukhmmadali"]
[Result "1-0"]
[WhiteElo "2557"]
[BlackElo "2416"]
[PlyCount "73"]
[EventDate "2023.04.14"]
[EventType "swiss"]
[EventRounds "9"]
[EventCountry "UZB"]
[SourceTitle "CBM 213 Extra"]
[Source "ChessBase"]
[SourceDate "2023.05.31"]
[SourceVersion "1"]
[SourceVersionDate "2023.05.31"]
[SourceQuality "1"]

1. e4 c5 2. d4 cxd4 3. Qxd4 Nc6 4. Qd3 Nf6 5. Nc3 e6 6. Bf4 d5 7. exd5 Nb4 8. Qe2 Nfxd5 9. 0-0-0 Be7 10. Nxd5 exd5 11. a3 Nc6 12. Qb5 Bg5 13. Bxg5 Qxg5+ 14. Kb1 0-0 15. Qxd5 Qf6 16. Qf3 Bf5 17. g4 Bxc2+ 18. Kxc2 Nd4+ 19. Rxd4 Qxd4 20. Ne2 Rac8+ 21. Nc3 Rfd8 22. Bd3 Qa4+ 23. Kc1 Rxc3+ 24. bxc3 Qxa3+ 25. Kd2 Qb2+ 26. Ke3 Rd6 27. Qf4 Re6+ 28. Kf3 Rf6 29. Bf5 Qxc3+ 30. Kg2 g6 31. Rc1 Qb2 32. Rc8+ Kg7 33. Qb8 Qd2 34. Rg8+ Kh6 35. Qg3 Qd5+ 36. f3 Qd2+ 37. Kh3 1-0